Reštrukturácia obytného prostredia

Podrobná bibliografia
Hlavný autor: Trnkus, Filip, 1938- (Autor)
Médium: Kniha
Jazyk:slovenčina
čeština
poľština
PhysicalDescription:114 strán mapy, schémy 25 cm
Vydavateľské údaje: V Bratislave Slovenská technická univerzita 2002
ISBN:802271819X
Vydanie:[1. vydanie]
Predmet:

MARC

LEADER 00000cam a2200000 a 4500
001 vtls001449578
003 SK-MaSNL
005 20260426001832.0
008 240226s2002 xo bl grn 000 0 slo
015 |a SNBA2003/11-04454 
020 |a 802271819X 
035 |a SNK000404858 
035 |a urn:nbn:sk:snk-am3iwim 
035 |a 96D98FE5-0B3C-4EBF-8CBE-A1B72626E50F 
035 |a urn:nbn:sk:snk-am00g559 
040 |a SNK  |b slo  |c SNK  |e AACR2 
041 0 |a slo  |a cze  |a pol 
043 |a e-xo--- 
044 |a xo  |c SK 
072 7 |a 71  |x Územné plánovanie. Urbanizmus. Pamiatková starostlivosť  |2 konspekt 
072 7 |a 72  |x Architektúra  |2 konspekt 
080 |a 711  |2 2011 
080 |a 728  |2 2011 
080 |a 72.012.2  |2 2011 
080 |a (437.6)  |2 2011 
080 |a (048.8)  |2 2011 
100 1 |a Trnkus, Filip,  |d 1938-  |4 aut  |9 218941 
245 1 0 |a Reštrukturácia obytného prostredia  |c Filip Trnkus a kolektív 
250 |a [1. vydanie] 
260 |a V Bratislave  |b Slovenská technická univerzita  |c 2002 
300 |a 114 strán  |b mapy, schémy  |c 25 cm 
366 |e 100 kusov 
504 |a Obsahuje bibliografické odkazy 
546 |a Čistočný text v češtine a poľštine 
650 0 7 |a urbanizmus  |2 SNKPH  |9 2925 
650 0 7 |a obytné budovy  |2 SNKPH  |9 438158 
650 0 7 |a stavebné plány  |2 SNKPH  |9 2952 
651 7 |a Slovensko  |2 SNKPHgeo  |9 14231 
655 7 |a monografie  |2 SNKPH  |9 70139 
752 |a Slovensko  |d Bratislava 
919 |a 80-227-1819-X 
958 |a NB 
958 |a OND 
999 |c 901331  |d 903261 
952 |t P60, <03>, [BOOK], {603}  |a SNK  |b SNK  |y PREZ  |7 0  |p 17A0374985  |o snkSC 110775  |i snkKSP 2189/2003  |0 0  |1 0  |4 0  |d 2003-02-13  |f 1  |l 0  |r 2025-10-01 00:00:00  |w 2026-02-24 
952 |t snkTRN 72.011  |a SNKUST  |b SNKUST  |y PREZ  |7 0  |p 17A0374986  |o snkSC 110775 D1   |i snkKSP 2190/2003  |0 0  |1 0  |4 0  |d 2003-02-13  |l 0  |r 2025-03-20 00:00:00  |w 2026-02-24